00679nam a2200145 a 450000100100000000500170001000800410002704000250006811000760009324501370016926000840030630000200039095201060041099900170051600003894220201002031429.0130507s2001 dr 000 0 spa d aDO-SdBNPbspacBNPHU2 aRepública DominicanabSecretariado Técnico de la Presidencia93202410aInstructivo para la incorporación de los actuales funcionarios y empleados civiles del Poder Ejecutivo a la Carrera Aministrativa. aSanto Domingo :bOficina Nacional de Administración y Personal,(ONAP),c2001. a49 p. ;c21 cm. 00107-18PDaPDbPDcOId2013-05-07iLF1l0o p38942-10r2020-06-25w2020-06-25yLFPDZNo se presta c38432d38432